[Event "Gausdal Classics Elo op"]
[Site "Gausdal"]
[Date "2007.04.25"]
[Round "8"]
[White "Palmo, Pentti Olavi"]
[Black "Boje, Tobias Rosholm"]
[Result "1/2-1/2"]
[WhiteElo "2082"]
[BlackElo "1908"]
[PlyCount "51"]
[EventDate "2007.04.18"]
[EventType "swiss"]
[EventRounds "9"]
[EventCountry "NOR"]
[SourceTitle "EXT 2008"]
[Source "ChessBase"]
[SourceDate "2007.11.25"]
[SourceVersion "1"]
[SourceVersionDate "2007.11.25"]
[SourceQuality "1"]

1. e4 e5 2. Nf3 Nc6 3. Bb5 Nf6 4. 0-0 Nxe4 5. d4 Nd6 6. Bxc6 dxc6 7. dxe5 Nf5 8. Qxd8+ Kxd8 9. Nc3 h6 10. h3 Be6 11. Rd1+ Kc8 12. Ne2 Be7 13. Nf4 Bd7 14. b3 c5 15. Nd5 Be6 16. c4 Rd8 17. Ba3 Bf8 18. Rd3 c6 19. Nf4 Rxd3 20. Nxd3 b6 21. Nf4 Bd7 22. Bb2 Kc7 23. Rd1 Rd8 24. Kf1 Bc8 25. Rxd8 Kxd8 26. Ke2 1/2-1/2

[Event "Gausdal Classics Elo op"]
[Site "Gausdal"]
[Date "2007.04.23"]
[Round "6"]
[White "Boje, Tobias Rosholm"]
[Black "Standal, Egil Arne"]
[Result "1-0"]
[WhiteElo "1908"]
[BlackElo "1601"]
[PlyCount "91"]
[EventDate "2007.04.18"]
[EventType "swiss"]
[EventRounds "9"]
[EventCountry "NOR"]
[SourceTitle "EXT 2008"]
[Source "ChessBase"]
[SourceDate "2007.11.25"]
[SourceVersion "1"]
[SourceVersionDate "2007.11.25"]
[SourceQuality "1"]

1. e4 c6 2. d4 d5 3. e5 Bf5 4. Nc3 e6 5. g4 Bg6 6. Nge2 h6 7. h4 Ne7 8. Ng3 Nd7 9. Be3 Qb6 10. Qc1 c5 11. dxc5 Nxc5 12. a3 Nc6 13. Bb5 Qc7 14. f4 0-0-0 15. Bxc6 Qxc6 16. Bd4 Be7 17. Qd2 Kb8 18. 0-0-0 Rc8 19. Qf2 Na4 20. Nxa4 Qxa4 21. f5 Bh7 22. Rd3 Rc6 23. c3 Rhc8 24. Qc2 Qc4 25. Rd2 Bc5 26. Rhd1 Ra6 27. Bxc5 Qxc5 28. Rd4 b5 29. Nh5 Qf8 30. Qb3 Rb6 31. Qb4 Qxb4 32. Rxb4 a5 33. Rf4 b4 34. axb4 axb4 35. Rd3 g5 36. hxg5 hxg5 37. Rf2 bxc3 38. Rxc3 Rxc3+ 39. bxc3 exf5 40. Nf6 Rxf6 41. exf6 f4 42. Rb2+ Kc7 43. Rh2 Bg6 44. Rh5 Kd6 45. Rxg5 Ke6 46. Rxg6 1-0